书目信息 |
| 题名: |
连铸结晶器振动技术
|
|
| 作者: | 李宪奎 , 张德明 著 | |
| 分册: | ||
| 出版信息: | 北京 冶金工业出版社 2000.08 |
|
| 页数: | 109页 | |
| 开本: | 20cm | |
| 丛书名: | ||
| 单 册: | ||
| 中图分类: | TG249.7 | |
| 科图分类: | ||
| 主题词: | 铸造--工艺 | |
| 电子资源: | ||
| ISBN: | 7-5024-2577-2 | |
| 000 | 00625nam0 2200205 45 | |
| 001 | 0153719002 | |
| 005 | 2001111614551883 | |
| 010 | @a7-5024-2577-2@dRMB 11.00 | |
| 100 | @a20011116d2000 km y0chiy0120 ea | |
| 101 | 0 | @achi |
| 102 | @aCN@b110000 | |
| 200 | 1 | @a连铸结晶器振动技术@ALian Zhu Jie Jing Qi Zhen Dong Ji Shu@f李宪奎,张德明著@FLi Xian Kui,Zhang De Ming Zhu |
| 210 | @a北京@c冶金工业出版社@d2000.08 | |
| 215 | @a109页@d20cm | |
| 606 | 0 | @a铸造@x工艺 |
| 690 | @aTG249.7@v3 | |
| 701 | 0 | @a李宪奎@ALi Xian Kui@4著 |
| 701 | 0 | @a张德明@AZhang De Ming@4著 |
| 801 | 0 | @aCN@bPFT@c20011116 |
| 905 | @a安徽大学@dTG249.7@eL293 | |
| 连铸结晶器振动技术/李宪奎,张德明著.-北京:冶金工业出版社,2000.08 |
| 109页;20cm |
| ISBN 7-5024-2577-2:RMB 11.00 |
| ● |
| 相关链接 |
|
|
|
正题名:连铸结晶器振动技术
索取号:TG249.7/L293
 
预约/预借
| 序号 | 登录号 | 条形码 | 馆藏地/架位号 | 状态 | 备注 |
| 1 | 352363 | 203523632 | 自科库501/501自科库 25排4列4层/ [索取号:TG249.7/L293] | 在馆 | |
| 2 | 352364 | 203523641 | 自科库501/501自科库 25排4列4层/ [索取号:TG249.7/L293] | 在馆 | |
| 3 | 352365 | 203523650 | 自科库501/501自科库 25排4列4层/ [索取号:TG249.7/L293] | 在馆 | |
| 4 | 352366 | 203523669 | 自科二线504/504自科库 41排1列1层/ [索取号:TG249.7/L293] | 在馆 | |
| 5 | 352367 | 203523678 | 自科二线504/504自科库 41排1列1层/ [索取号:TG249.7/L293] | 在馆 | |
| 6 | 352368 | 203523687 | 自科二线504/504自科库 41排1列1层/ [索取号:TG249.7/L293] | 在馆 | |
| 7 | 352369 | 203523696 | 自科二线504/504自科库 41排1列1层/ [索取号:TG249.7/L293] | 在馆 | |
| 8 | 352370 | 203523703 | 自科二线504/504自科库 41排1列1层/ [索取号:TG249.7/L293] | 在馆 | |
| 9 | 352371 | 203523712 | 自科二线504/504自科库 41排1列1层/ [索取号:TG249.7/L293] | 在馆 | |
| 10 | 352372 | 203523721 | 自科库501/501自科库 25排4列4层/ [索取号:TG249.7/L293] | 在馆 |